Katy Perry discography - Statistics

General Stats
  • This quiz has been taken 28 times
  • The average score is 42 of 130
Answer Stats
Katy Hudson % Correct
California Gurls
91%
Roar
91%
Teenage Dream
91%
Dark Horse (ft Juicy J)
86%
Hot N Cold
86%
Hot N Cold - Rock Remix
86%
I Kissed A Girl
86%
I Kissed A Girl, Live at MTV Unplugged, 2009
86%
I Kissed A Girl - Rock Remix
86%
Teenage Dream - Rock Remix
86%
Firework
73%
Last Friday Night (T.G.I.F.)
73%
The One That Got Away
73%
Part Of Me
59%
Ur So Gay
59%
Ur So Gay, Live at MTV Unplugged, 2009
59%
Wide Awake
59%
E.T.
55%
E.T. (ft Kanye West)
55%
Waking Up In Vegas
55%
Waking Up In Vegas, Live at MTV Unplugged, 2009
55%
Bon Appétit (ft Migos)
50%
Chained To The Rhythm (ft Skip Marley)
50%
One Of The Boys
50%
Peacock
50%
Smile
50%
Swish Swish
50%
Witness
50%
WOMAN'S WORLD
50%
Harleys In Hawaii
45%
I'M HIS HE'S MINE (ft Doechii)
45%
Legendary Lovers
45%
This Is How We Do
45%
Unconditionally
45%
Thinking Of You
41%
Thinking Of You, Live at MTV Unplugged, 2009
41%
Birthday
36%
Hey Hey Hey
36%
Never Really Over
36%
Not Like The Movies
36%
Roulette
36%
By The Grace Of God
32%
Circle The Drain
32%
Double Rainbow
32%
Fingerprints
32%
Ghost
32%
GORGEOUS (ft Kim Petras)
32%
International Smile
32%
Lost
32%
Lost, Live at MTV Unplugged, 2009
32%
Mannequin
32%
Walking On Air
32%
A Cup Of Coffee
27%
CRUSH
27%
Daisies
27%
Dressin' Up
27%
GIMME GIMME (ft 21 Savage)
27%
GIMME GIMME - Solo Version
27%
Hummingbird Heartbeat
27%
If We Ever Meet Again (Timbaland)
27%
If You Can Afford Me
27%
I'm Still Breathing
27%
It Takes Two
27%
LIFETIMES
27%
NIRVANA
27%
OK
27%
Pearl
27%
Tsunami
27%
Tucked
27%
Who Am I Living For?
27%
WONDER
27%
365 (Zedd)
23%
ALL THE LOVE
23%
ARTIFICIAL (ft JID)
23%
Champagne Problems
23%
Choose Your Battles
23%
Con Calma (Daddy Yankee)
23%
Cry About It Later
23%
Dance With The Devil
23%
Déjà vu
23%
I WOKE UP
23%
Love Me
23%
NO TEARS FOR NEW YEARS
23%
Not the End of the World
23%
Only Love
23%
Resilient
23%
Rise
23%
Save As Draft
23%
Self Inflicted
23%
Spiritual
23%
Teary Eyes
23%
This Moment
23%
TRUTH
23%
What Makes A Woman
23%
Act My Age
18%
Bigger Than Me
18%
Feels
18%
Hackensack, Live at MTV Unplugged, 2009
18%
HAS A HEART
18%
Into Me You See
18%
I Think I'm Ready
18%
Mind Maze
18%
Pendulum
18%
Power
18%
Small Talk
18%
STARSTRUKK (3OH!3)
18%
When I'm Gone (Alesso)
18%
All You Need Is Love
14%
Brick By Brick, Live at MTV Unplugged, 2009
14%
Cozy Little Christmas
14%
Where We Started (Thomas Rhett)
14%
Who You Love (John Mayer)
14%
Electric - Pokemon 25 Version
9%
Never Worn White
9%
Piercing
9%
Black And Gold
5%
Faith Won't Fail
5%
Growing Pains
5%
Last Call
5%
My Own Monster
5%
Naturally
5%
Naturally (Version 2)
5%
Search Me
5%
Spit
5%
Trust in Me
5%
Use Your Love
5%
Waving Through A Window
5%
When There's Nothing Left
5%
Electric Feel
0%
White Christmas
0%
No matching quizzes found
Score Distribution
Percent of People with Each Score
Percentile by Number Answered
Your Score History
You have not taken this quiz